| 000 | 00508nam a22001817a 4500 | ||
|---|---|---|---|
| 999 |
_c160309 _d160309 |
||
| 005 | 20190124162801.0 | ||
| 010 | _aB-713086 | ||
| 020 |
_a9780753555194 _c499.00 |
||
| 035 | _aB-713086 | ||
| 037 | _bPenguin Random | ||
| 082 | _a658 | ||
| 100 | _aTheil, Peter | ||
| 245 |
_aZero to one : _bnotes on startups _cby Peter Theil |
||
| 260 |
_aNew Delhi _bPenguin Random _c2014 |
||
| 300 |
_a210p. _c22cm |
||
| 942 |
_2ddc _cEN _h658 _mPET |
||